Statistics for All Fortnite Season 6 Skins

Click here to take the quiz!

General Stats

  • This quiz has been taken 7 times
  • The average score is 9 of 64

Answer Stats

Answer% Correct
Calamity
100%
DJ Yonder
100%
Dire
83%
Dusk
50%
Fable
50%
Nightshade
50%
A.I.M.
33%
Arachne
33%
Brainiac
33%
Deadfire
33%
Giddy-Up
33%
Hay Man
33%
Mothmando
33%
Dark Bomber
17%
Heidi
17%
Hollowhead
17%
Ludwig
17%
Nara
17%
Plague
17%
Reflex
17%
Sanctum
17%
Scourge
17%
Spider Knight
17%
Straw Ops
17%
Taro
17%
Airheart
0%
Blitz
0%
Bullseye
0%
Bunnymoon
0%
Castor
0%
Dante
0%
Double Helix
0%
Elmira
0%
End Zone
0%
Eon
0%
Flapjackie
0%
Frostbite
0%
Gridiron
0%
Growler
0%
Guan Yu
0%
Insight
0%
Instinct
0%
Interceptor
0%
Jack Gourdon
0%
Juke
0%
Longshot
0%
Maki Master
0%
Maximilian
0%
Mayhem
0%
Patch Patroller
0%
Riot
0%
Rosa
0%
Ruckus
0%
Rush
0%
Shogun
0%
Skull Ranger
0%
Spike
0%
Spooky Team Leader
0%
Striped Soldier
0%
Strong Guard
0%
Summit Striker
0%
Tender Defender
0%
Whistle Warrior
0%
Yee-Haw!
0%

Score Distribution

Percentile by Number Answered

Percent of People with Each Score

Your Score History

You have not taken this quiz